000 00306nam a22001337a 4500
008 170310b xxu||||| |||| 00| 0 eng d
020 _a9780805373738
041 _aeng
080 _22ND
_a611
100 _a6
101 _aSHM
245 _aA BRIEF ATLAS OF THE HUMAN BODY
_cHUTCHINSON, M
942 _2udc
_cBK
999 _c7395
_d7395